000 00376nam a22001697a 4500
005 20160625105858.0
008 160625b xxu||||| |||| 00| 0 eng d
020 _a81-7648-828-3
041 _aeng
082 _b10026
100 _aRao, V.K.
_91603
245 _aManagement of Education
260 _bAPH
_c2005
300 _a243
650 _aManagement
_9241
942 _cBK
999 _c3955
_d3954